000 00851nac a22002651i 4500
003 EG-ScBUE
005 20250120101830.0
008 250120s1983 nyua f b 001 0 eng d
020 _a9780716715870
020 _a0716715872 (pbk. : cover)
040 _aEG-ScBUE
_beng
_erda
_cEG-ScBUE
_dEG-ScBUE
082 0 4 _a519.72
_bCHV
_222
100 1 _aChvatal, Vasek,
_eauthor.
245 1 0 _aLinear programming /
_cVasek Chvatal, McGill University.
264 1 _aNew York :
_bW.H. Freeman,
_c[1983]
264 4 _cc1983
300 _axiii, 478 pages :
_billustrations ;
_c24 cm
336 _2rdacontent
_atext
_btxt
337 _aunmediated
_2rdamedia
_bn
338 _avolume
_bnc
_2rdacarrier
504 _aIncludes bibliographical references and index.
650 7 _aLinear programming.
_2BUEsh
655 _vReading book
942 _cNB
_2ddc
999 _c7801
_d7801